000 01880nam0a22003131 4500
001 rc\4224288
005 20260407140700.0
021 _aRU
_b[63-50921]
035 _a(NLR Aleph) 008460848
090 _a7868479
_c7868479
100 _a20130416d1963 |||y0rusy50 ca
101 0 _arus
102 _aRU
105 _aac z |||||
200 1 _aАктуальные вопросы психиатрии и невропатологии
_e[Сборник статей
_eПосвящ. памяти действ. чл. Акад. мед. наук проф. Е.А. Попова]
_fПод ред. [и со вступ. статьей] Г.В. Морозова
_gМ-во здравоохранения СССР. Всесоюз. науч. о-во невропатологов и психиатров. Всерос. науч. о-во невропатологов и психиатров. Центр. науч.-исслед. ин-т судебной психиатрии им. проф. В.П. Сербского
210 _aМосква
_cБ. и.
_d1963
215 _a401 с., 1 л. портр.
_cил.
_d23
320 _aНауч. работы действ. чл. Акад. мед. наук СССР проф. Е.А. Попова: с. 12-20 (139 назв.)
606 _aПсихиатрия
_jСборники
_2psbo
606 _aНевропатология
_jСборники
_2psbo
702 1 _4280
_7ca
_8rus
_aПопов
_bЕ. А.
_cд-р мед. наук, психиатр
_f1899-1961
_gЕвгений Алексеевич
_9266598
_3RU\NLR\AUTH\770266654
702 1 _aМорозов
_bГ.В.
_gГеоргий Васильевич
_4340
_4080
712 0 1 _aСССР
_bМинистерство здравоохранения
_3RU\NLR\AUTH\8810007906
_9513517
801 0 _aRU
_bNLR
_gpsbo
801 1 _aRU
_bELAR
_2rusmarc
852 _aNLR
_j63-5/3414
942 _cBOOK
980 _aNB